00678cam a22002291 4500001001300000003000400013005001700017008004100034010001700075025001900092035002000111040002100131050002300152100004100175245004000216260001100256300004900267500001600316650005900332650004000391999001700431sa 68009829 DLC20260227112547.0941012s1967 ii ch 000 0 beno  asa 68009829  aPL480:I-B-3502 a(OCoLC)31269069 aDLCcCUdCUdDLC00aPN1009.B4bM5 19671 aMitra, Khagendranātha,d1896-1978.10aŚatābdīra śiśu-sāhitya. c[1967] a12, 256, 12, 16 p.bfacsims., ports.c22 cm. aIn Bengali. 0aChildren's literature, BengalixHistory and criticism. 0aChildrenxBooks and readingzIndia. c83173d83173